| 000 | 01309cam a22003017i 4500 | ||
|---|---|---|---|
| 001 | |||
| 003 | DO-SdBNP | ||
| 005 | 20210602111237.0 | ||
| 008 | 180511m2016 dr a 001 0aspa d | ||
| 010 | _a | ||
| 020 |
_a9789945167535 (v.1) _q |
||
| 040 |
_aBPMSU _bspa _cBPMSU |
||
| 082 |
_a928.7293 _bV422i _222 |
||
| 100 | 1 |
_aVega, Bernardo, _d1938- _e |
|
| 245 | 1 | 0 |
_aIntimidades en la era global : _bmemorias de Bernardo Vega de Boyrie / _cBernardo Vega. |
| 246 | 3 | 0 | _aMemorias de Bernardo Vega de Boyrie |
| 260 |
_aSanto Domingo: _bFundación Cultural Dominicana, _c2016 |
||
| 300 |
_avs : _bils ; _c23 cm |
||
| 500 | _aIncludes índice | ||
| 500 | _aIncluye datos biográficos del autor en la solapa de la cubierta | ||
| 505 | 0 | _av.1 : Introducción -- Los recuerdos de un niño -- El Instituto Escuela y el Colegio de la Salle -- La autera educación inglesa -- Las primeras inquietudes políticas -- Se caen las escamas de mis ojos -- Observando desde Cabo Rojo los últimos esteroides de la dictadura -- Trabajando para el Consejo del Estado. | |
| 590 | _6Inventariado, 2021/VM | ||
| 600 | 1 | 4 |
_aVega, Bernardo, _d1938- _vMemorias |
| 650 | 4 |
_aHistoriadores _zRepública Dominicana _vBiografías |
|
| 650 | 4 |
_aEconomistas _zRepública Dominicana _vBiografías |
|
| 910 | _aVMateo | ||
| 942 |
_2ddc _cBK |
||
| 999 |
_c13550 _d13550 |
||